Por qué a mí, por qué esto, por qué ahora?

Uloženo v:
Podrobná bibliografie
Hlavní autor: Norwood, Robin (autora)
Médium: Kniha
Jazyk:španělština
Vydáno: Buenos Aires Javier Vergara 1994
Témata:
Tagy: Přidat tag
Žádné tagy, Buďte první, kdo vytvoří štítek k tomuto záznamu!

MARC

LEADER 00000nam a2200000 a 4500
001 UCG6642
003 CL-VaPUC
008 110509e19940000AG |||||||||||||||||spa|d
020 |a 9501514005 
082 0 4 |a 158.1  |b NOR  |2 21 
100 |a Norwood, Robin  |e autora  |9 595190 
245 1 0 |a Por qué a mí, por qué esto, por qué ahora? 
300 |a 209 p 
942 |c BK 
945 |d 20110509 00:00:00  |a jcampos 
260 |a Buenos Aires  |b Javier Vergara  |c 1994 
650 7 |a MEJORAMIENTO PERSONAL  |2 CL-VaPUC  |9 556958 
650 0 |a Análisis personal   |9 552936 
650 0 |a Psicoterapia familiar  |9 310747 
583 |a last modification  |c 20110509 00:00:00  |k Rodrigo Vera 
999 |c 344799  |d 344797 
952 |0 0  |1 0  |4 0  |6 158_100000000000000_NOR_1994  |7 0  |8 A  |9 442997  |a BIBGIM  |b BIBGIM  |d 2019-11-22  |i 4662725  |o 158.1 NOR 1994  |p 4662725  |r 2025-01-15  |w 2019-11-22  |y BK  |k GIM